Mechanization of small fishing craft
Guardat en:
| Autors principals: | , , , |
|---|---|
| Format: | Llibre |
| Idioma: | anglès |
| Publicat: |
Londres
Arthur J. Heighway
1965
|
| Matèries: | |
| Etiquetes: |
Afegir etiqueta
Sense etiquetes, Sigues el primer a etiquetar aquest registre!
|
MARC
| LEADER | 00000nam a2200000 a 4500 | ||
|---|---|---|---|
| 001 | UCY7787 | ||
| 003 | CL-VaPUC | ||
| 008 | 950622e19650000UK |||||||||||||||||eng|d | ||
| 082 | 0 | 4 | |a 623.823 |b TRA |2 21 |
| 100 | 0 | |a Traung, Jan-Olof |e author |9 338582 | |
| 700 | 0 | |a Finn, D. B |e author |9 338583 | |
| 700 | 0 | |a Gurtner, P |e author |9 338584 | |
| 700 | 0 | |a Kvarin, E |e author |9 338585 | |
| 245 | 1 | 0 | |a Mechanization of small fishing craft |
| 300 | |a 112 p | ||
| 942 | |c BK | ||
| 945 | |d 19950622 00:00:00 |a awong | ||
| 260 | |a Londres |b Arthur J. Heighway |c 1965 | ||
| 500 | |a Incluye: seccion 1: Outboards | ||
| 500 | |a seccion 2: Inboard engines in open craft | ||
| 500 | |a seccion 3: Inboard engines in decked craft | ||
| 500 | |a seccion 4: Problems of engine service and maintenance | ||
| 650 | 7 | |a EMBARCACIONES PESQUERAS |2 CL-VaPUC |9 338586 | |
| 650 | 7 | |a MECANIZACION |2 CL-VaPUC |9 266885 | |
| 650 | 7 | |a MOTORES MARINOS |2 CL-VaPUC |9 338587 | |
| 650 | 7 | |a INGENIERIA NAVAL |2 CL-VaPUC |9 262110 | |
| 650 | 7 | |a CONSTRUCCION NAVAL |2 CL-VaPUC |9 260853 | |
| 583 | |a last modification |c 19950622 00:00:00 |k Rodrigo Vera | ||
| 999 | |c 235102 |d 235100 | ||
| 952 | |0 0 |1 0 |2 ddc |4 0 |6 623_823000000000000_TRA_1965 |7 0 |8 CCM |9 242285 |a BIBCUR |b BIBCUR |c PAC |d 2019-11-18 |i 3093573 |o 623.823 TRA 1965 |p 3093573 |r 2025-04-22 |w 2019-11-18 |y BK |k CIM | ||